| 000 | 00826cam a2200241 a 4500 | ||
|---|---|---|---|
| 001 | 15791038 | ||
| 005 | 20180301034730.0 | ||
| 008 | 090625s2010 nyu 001 0 eng | ||
| 010 | _a 2009025460 | ||
| 020 | _a9780071614191 (hbk. : alk. paper) | ||
| 020 | _a0071614192 (hbk. : alk. paper) | ||
| 035 | _a(OCoLC)ocn318409196 | ||
| 040 |
_aDLC _cDLC _dYDX _dSINLB _dVP@ _dDLC |
||
| 041 | _aeng | ||
| 080 | _a153.83 | ||
| 082 | 0 | 0 |
_a153.83 STE _222 |
| 100 | 1 | _a49 | |
| 101 | _aPSI | ||
| 245 | 1 | 4 |
_aThe right decision : _cJames Stein. |
| 906 |
_a7 _bcbc _corignew _d1 _eecip _f20 _gy-gencatlg |
||
| 942 |
_2ddc _cBK |
||
| 999 |
_c43763 _d43763 |
||